PDC World Grand Prix (Darts) - Statistiken

Allgemein
  • Dieses Quiz wurde 696 mal gespielt
    125 seit der letzten Aktualisierung
  • Das Durchschnittsergebnis liegt bei 24 aus 28
Antwortstatistiken
Jahr Nationalität Gewinner % Korrekt
2012 Niederlande Michael van Gerwen
98%
2014 Niederlande Michael van Gerwen
98%
2016 Niederlande Michael van Gerwen
98%
2018 Niederlande Michael van Gerwen
98%
2019 Niederlande Michael van Gerwen
98%
2022 Niederlande Michael van Gerwen
98%
1998 England Phil Taylor
98%
1999 England Phil Taylor
98%
2000 England Phil Taylor
98%
2002 England Phil Taylor
98%
2003 England Phil Taylor
98%
2005 England Phil Taylor
98%
2006 England Phil Taylor
98%
2008 England Phil Taylor
98%
2009 England Phil Taylor
98%
2011 England Phil Taylor
98%
2013 England Phil Taylor
98%
2025 England Luke Littler
97%
2020 Wales Gerwyn Price
94%
2023 England Luke Humphries
90%
2021 Wales Jonny Clayton
84%
2024 Belgien Mike De Decker
76%
2017 Nordirland Daryl Gurney
75%
2007 England James Wade
64%
2010 England James Wade
64%
2015 Schotttland Robert Thornton
34%
2004 England Colin Lloyd
29%
2001 England Alan Warriner
12%
Keine übereinstimmenden Quizze gefunden
Verteilung der Resultate
Anzahl Personen mit jedem Resultat
Perzentil nach korrekt beantworteten Fragen
Ihre Resultats-Entwicklung
Sie haben dieses Quiz seit der letzten Aktualisierung nicht gespielt